Inter players since 2000 - Statistics

General Stats
  • This quiz has been taken 137 times
    121 since last reset
  • The average score is 122 of 279
Answer Stats
Ranking Player Positions Nationality Matches Goals Assists Periods % Correct
2 Samir Handanović GK 380 0 0 2012-2023
100%
6 Lautaro Martínez MF, FW 236 115 26 2018-2025
99%
40 Alexis Sánchez MF, FW 102 18 20 2019-2021, 2023-2024
97%
11 Nicolò Barella MF 203 18 37 2019-2025
97%
43 Romelu Lukaku FW 97 57 19 2019-2020, 2022-2023
97%
49 Zlatan Ibrahimović FW 88 57 22 2006-2009
97%
29 Hakan Çalhanoğlu MF, FW 127 28 27 2021-2025
96%
10 Ivan Perišić DF, MF, FW 208 49 33 2015-2018, 2020-2022
96%
74 Arturo Vidal MF 51 2 2 2020-2022
94%
30 Denzel Dumfries DF, FW 126 17 14 2021-2025
94%
28 Diego Milito FW 128 62 15 2009-2014
94%
1 Javier Zanetti DF, MF 453 3 15 2000-2014
94%
218 Josep Martinez GK 5 0 0 2024-2025
94%
8 Júlio César GK 228 0 0 2005-2012
94%
41 Cristiano Zanetti MF 100 2 7 2001-2006
93%
3 Esteban Cambiasso MF 315 41 23 2004-2014
93%
42 Henrikh Mkhitaryan MF, FW 98 6 14 2022-2025
93%
5 Marcelo Brozović MF 261 25 35 2014-2023
93%
12 Stefan de Vrij DF 201 12 3 2018-2025
93%
66 Yann Sommer GK 66 0 0 2023-2025
93%
61 Edin Džeko FW 69 22 9 2021-2023
92%
26 Federico Dimarco DF, MF, FW 131 15 19 2014-2015, 2019-2020, 2021-2025
90%
64 Marcus Thuram MF, FW 66 27 11 2023-2025
90%
84 Marko Arnautović MF, FW 47 9 5 2009-2010, 2023-2025
90%
13 Milan Škriniar DF, MF 193 10 1 2017-2023
90%
63 Samuel Eto'o FW 67 33 13 2009-2011
90%
34 Cristian Chivu DF 115 3 5 2007-2013
89%
7 Dejan Stanković MF 231 29 41 2003-2013
89%
14 Mauro Icardi FW 188 111 25 2013-2019
89%
58 Wesley Sneijder MF 76 13 15 2009-2013
89%
87 Goran Pandev MF, FW 46 5 7 2009-2011
87%
102 Achraf Hakimi DF, MF 37 7 8 2020-2021
86%
16 Alessandro Bastoni DF 178 5 15 2019-2025
86%
162 César DF, MF 17 1 2 2007-2008
85%
51 Francesco Acerbi DF 83 3 4 2022-2025
85%
38 Luís Figo MF, FW 105 9 25 2005-2009
85%
19 Yuto Nagatomo DF 170 9 12 2010-2018
83%
134 André Onana GK 24 0 0 2022-2023
82%
77 Geoffrey Kondogbia DF, MF 50 2 2 2015-2017
82%
4 Iván Córdoba DF 303 15 9 2000-2012
82%
44 Lúcio DF 96 3 2 2009-2012
82%
72 Mario Balotelli FW 59 20 8 2007-2010
80%
129 Piotr Zieliński MF 26 2 2 2024-2025
80%
20 Walter Samuel DF 169 14 2 2005-2014
80%
15 Marco Materazzi DF 184 18 5 2001-2011
79%
54 Mateo Kovačić MF 80 5 9 2012-2015
77%
91 Christian Eriksen MF, FW 43 4 2 2019-2021
76%
132 Mehdi Taremi FW 25 1 2 2024-2025
76%
112 Stevan Jovetić MF, FW 31 6 2 2015-2017
76%
32 Christian Vieri FW 124 90 10 2000-2005
75%
53 Hernán Crespo FW 80 27 10 2002-2003, 2006-2009
75%
99 Kwadwo Asamoah DF, MF 40 0 2 2018-2020
75%
89 Ashley Young DF, FW 44 5 8 2019-2021
73%
60 Joaquín Correa MF, FW 71 11 4 2021-2022, 2024-2025
73%
62 Patrick Vieira MF 67 6 6 2006-2010
73%
100 Robin Gosens DF, MF, FW 39 3 1 2021-2023
73%
24 Rodrigo Palacio MF, FW 140 39 23 2012-2017
73%
33 Adriano DF, FW 123 48 15 2001-2002, 2003-2009
72%
159 Diego Forlán MF, FW 18 2 3 2011-2012
72%
46 Gary Medel DF, MF 91 1 3 2014-2017
72%
39 Matías Vecino MF, FW 104 10 6 2017-2022
72%
23 Matteo Darmian DF, MF 144 11 9 2020-2025
72%
50 Obafemi Martins FW 87 28 15 2002-2006
72%
65 Sulley Muntari MF 66 7 7 2008-2012
72%
22 Francesco Toldo GK 147 1 0 2001-2009
70%
37 Miranda DF 109 1 3 2015-2019
70%
108 Radja Nainggolan MF 33 6 3 2018-2019, 2020-2021
70%
95 Yann Aurel Bisseck DF 42 5 2 2023-2025
70%
86 Benjamin Pavard DF 46 0 3 2023-2025
68%
90 Clarence Seedorf MF 44 5 8 2000-2002
66%
35 Fredy Guarín MF 114 15 19 2011-2016
66%
25 Álvaro Recoba MF, FW 139 40 34 2000-2007
65%
143 Diego Godín DF 23 1 1 2019-2020
65%
9 Danilo D'Ambrosio DF 226 17 16 2013-2023
63%
71 Davide Frattesi MF 59 11 4 2023-2025
63%
196 Juan Cuadrado DF, MF, FW 10 0 2 2023-2024
63%
18 Andrea Ranocchia DF 170 9 4 2010-2022
62%
31 Antonio Candreva DF, MF, FW 124 12 24 2016-2020
62%
118 Antonio Cassano FW 28 7 8 2012-2013
62%
69 Kristjan Asllani MF 64 3 4 2022-2025
62%
141 Ricardo Quaresma MF, FW 24 0 2 2008-2010
62%
52 Borja Valero MF 82 4 1 2017-2020
61%
27 Julio Ricardo Cruz FW 131 49 14 2003-2009
59%
21 Roberto Gagliardini DF, MF 156 16 7 2016-2023
59%
68 João Mário MF, FW 64 4 8 2016-2019
58%
146 Nemanja Vidić DF 23 1 0 2014-2015
58%
197 Ronaldo FW 10 7 1 2001-2002
58%
128 João Cancelo DF, MF 26 1 2 2017-2018
56%
176 Xherdan Shaqiri MF, FW 15 1 2 2014-2015
56%
76 Fabio Cannavaro DF 50 2 3 2002-2004
55%
17 Maicon Sisenando DF 177 16 37 2006-2012
55%
55 Maxwell DF 79 2 2 2006-2009
55%
67 Carlos Augusto DF 65 3 5 2023-2025
54%
36 Juan Jesus DF 110 1 1 2011-2016
54%
191 Nicola Zalewski DF, MF, FW 11 1 1 2024-2025
54%
73 Thiago Motta MF 55 11 5 2009-2012
54%
144 Fabio Grosso DF, MF 23 2 0 2006-2007
52%
94 Hernanes MF 42 7 8 2013-2016
52%
45 Nicolás Burdisso DF 93 4 2 2004-2009
52%
193 Aleksandar Kolarov DF 10 0 1 2020-2022
51%
158 Andrea Poli MF 18 0 1 2011-2012
51%
82 Juan Sebastián Verón MF 49 3 5 2004-2006
51%
47 Davide Santon DF 90 0 4 2008-2010, 2014-2018
49%
78 Giampaolo Pazzini FW 50 16 3 2010-2012
49%
265 Ionuț Andrei Radu GK 1 0 0 2015-2016
49%
235 Ionuț Radu GK 3 0 0 2020-2022
49%
70 Jeison Murillo DF 61 2 2 2015-2017
49%
169 Tajon Buchanan DF, MF, FW 16 1 0 2023-2025
49%
267 Leonardo Bonucci DF 1 0 0 2005-2006
48%
164 Lukas Podolski MF, FW 17 1 1 2014-2015
48%
59 Ricky Álvarez MF 73 11 14 2011-2014
48%
110 Felipe Melo DF, MF 31 1 1 2015-2017
46%
137 Hakan Şükür FW 24 5 4 2000-2001
46%
79 Joel Obi DF, MF 50 1 0 2010-2012, 2014-2015
46%
138 Keita Baldé MF, FW 24 5 2 2018-2019
46%
122 Philippe Coutinho MF, FW 28 3 1 2010-2013
46%
186 Victor Moses DF, MF, FW 12 0 3 2019-2020
46%
222 Emil Audero GK 4 0 0 2023-2024
45%
210 Sebastiano Esposito MF, FW 7 1 0 2019-2020
45%
93 Stefano Sensi MF, FW 43 3 3 2019-2021, 2023-2024
45%
120 Éver Banega MF 28 6 6 2016-2017
44%
75 Kily González MF, FW 51 0 4 2003-2006
44%
153 McDonald Mariga MF 21 0 1 2009-2010, 2012-2013
44%
106 Álvaro Pereira DF, MF 33 1 4 2012-2014
42%
119 David Suazo FW 28 8 1 2007-2008, 2009-2010
42%
56 Emre Belözoğlu MF 78 3 6 2001-2005
42%
85 Matteo Politano MF, FW 47 5 6 2018-2020
42%
123 Sébastien Frey GK 28 0 0 2000-2001
42%
57 Éder MF, FW 76 12 4 2015-2018
41%
202 Juan Pablo Carrizo GK 9 0 0 2012-2017
41%
179 Mariano González MF 14 0 1 2006-2007
41%
200 Gabriel Barbosa MF, FW 9 1 0 2016-2017
39%
111 Hugo Campagnaro DF 31 0 1 2013-2015
39%
199 Šime Vrsaljko DF, MF 10 0 2 2018-2019
39%
216 Valentino Lazaro DF, MF, FW 6 0 1 2019-2020
39%
124 Walter Gargano MF 28 0 2 2012-2013
39%
234 Felipe Caicedo MF, FW 3 0 0 2021-2022
38%
104 Jonathan Biabiany MF, FW 35 1 4 2010-2011, 2015-2017
38%
92 Mohamed Kallon FW 43 14 7 2001-2004
38%
215 Robbie Keane FW 6 0 0 2000-2001
38%
96 Zdravko Kuzmanović MF 42 0 2 2012-2015
38%
115 Dario Šimić DF 30 0 0 2000-2002
37%
136 David Pizarro MF 24 1 2 2005-2006
37%
151 Giorgos Karagounis MF 21 0 1 2003-2005
37%
121 Mancini MF, FW 28 0 2 2008-2011
37%
133 Saphir Taïder MF 25 1 1 2013-2014
37%
221 Daniele Padelli GK 4 0 0 2019-2021
35%
178 Edgar Davids MF 14 0 0 2004-2005
35%
224 Felipe dal Belo DF 4 0 0 2014-2015
35%
130 Adem Ljajić MF, FW 25 3 3 2015-2016
34%
183 Dani Osvaldo FW 12 5 1 2014-2015
34%
268 Lisandro López DF 1 0 0 2017-2018
34%
139 Luca Castellazzi GK 24 0 0 2010-2013
34%
206 Maniche MF 8 1 0 2007-2008
34%
117 Rolando DF 29 4 0 2013-2014
34%
250 Tomás Palacios DF 2 0 0 2024-2025
34%
98 Vratislav Greško DF 41 0 5 2000-2002
34%
109 Andy van der Meyde MF, FW 32 1 4 2003-2005
32%
247 Iván Zamorano FW 2 1 0 2000-2001
32%
107 Laurent Blanc DF, MF 33 3 0 2000-2001
32%
48 Luigi Di Biagio MF 88 11 4 2000-2003
32%
145 Marco Andreolli DF 23 2 0 2004-2006, 2013-2014, 2016-2017
32%
230 Rey Manaj FW 4 0 0 2015-2016
32%
142 Siniša Mihajlović DF 24 5 7 2004-2006
32%
127 Cristiano Biraghi DF, MF 26 2 6 2019-2020
31%
172 Houssine Kharja MF 15 1 4 2010-2011
31%
205 Ishak Belfodil MF, FW 8 0 1 2013-2014
31%
105 Olivier Dacourt MF 34 0 1 2006-2009
31%
97 Sérgio Conceição MF 41 1 4 2001-2003
31%
149 Alex Telles DF 21 0 1 2015-2016
30%
203 Matías Silvestre DF 9 0 0 2012-2013
30%
273 Raffaele Di Gennaro GK 1 0 0 2023-2024
30%
101 Santiago Solari MF 39 4 2 2005-2008
30%
208 Yann M'Vila MF 8 0 0 2014-2015
30%
187 Andrea Pinamonti FW 11 1 0 2016-2017, 2020-2021
28%
180 Davy Klaassen MF 13 0 0 2023-2024
28%
155 Dodô DF 20 0 0 2014-2015
28%
131 Francesco Coco DF 25 0 0 2002-2005
28%
211 Luc Castaignos FW 6 1 0 2011-2012
28%
227 Lucien Agoume MF 4 0 0 2019-2020, 2023-2024
28%
237 Martín Montoya DF, MF 3 0 0 2015-2016
28%
207 Rene Krhin MF, FW 8 0 0 2009-2010, 2014-2015
28%
182 Tommaso Rocchi MF, FW 13 3 0 2012-2013
28%
116 Zé Maria DF 30 1 5 2004-2006
28%
188 Assane Gnoukouri MF 11 0 0 2014-2017
27%
220 Cédric Soares DF, MF 4 0 1 2018-2019
27%
147 Mauro Zárate MF, FW 22 2 1 2011-2012
27%
168 Nicola Ventola FW 16 4 2 2001-2002
27%
229 Paolo Orlandoni GK 4 0 0 2005-2006, 2007-2009
27%
165 Rafinha MF, FW 17 2 2 2017-2018
27%
252 Alex Cordaz GK 1 0 0 2022-2023
25%
150 Cristian Ansaldi DF, MF, FW 21 0 1 2016-2017
25%
114 Daniele Adani DF 30 2 0 2002-2004
25%
185 Gabriel Batistuta FW 12 2 1 2002-2003
25%
80 Giuseppe Favalli DF 49 0 2 2004-2006
25%
88 Jonathan Moreira DF 45 3 6 2011-2015
25%
228 Martin Satriano FW 4 0 0 2021-2022
25%
160 Raoul Bellanova DF, FW 18 0 0 2022-2023
25%
278 Trent Sainsbury DF 1 0 0 2016-2017
25%
219 Valentin Carboni DF, MF, FW 5 0 0 2022-2023
25%
152 Luis Jiménez MF, FW 21 3 3 2007-2009
24%
167 Nelson Rivas DF 16 0 0 2007-2009
24%
83 Stéphane Dalmat MF 48 3 4 2000-2003
24%
148 Thomas Helveg DF 22 0 1 2003-2004
24%
166 Yann Karamoh MF, FW 17 1 0 2017-2019
24%
233 Angelo Palombo MF 3 0 0 2011-2012
23%
170 Benoît Cauet MF 15 0 2 2000-2001
23%
135 Dalbert Henrique DF, MF 24 0 1 2017-2019
23%
184 Ezequiel Schelotto DF, MF 12 1 0 2012-2013
23%
194 Gaby Mudingayi MF 10 0 0 2012-2014
23%
240 Senna Miangue DF, FW 3 0 0 2016-2017
23%
177 Davide Faraoni DF, MF 14 1 0 2011-2012
21%
225 George Pușcaș MF, FW 4 0 0 2014-2015
21%
271 Luka Topalović MF 1 0 0 2024-2025
21%
214 Marko Livaja MF, FW 6 0 0 2012-2013
21%
126 Matías Almeyda DF, MF 27 0 1 2002-2004
20%
181 Pierre Womé DF 13 0 0 2005-2006
20%
198 Rubén Botta MF 10 0 0 2013-2014
20%
195 Grigoris Georgatos DF, MF 10 1 1 2001-2002
18%
226 Ibrahima Mbaye DF, MF 4 0 0 2014-2015
18%
81 Javier Farinós MF 49 2 3 2000-2004
18%
140 Okan Buruk MF 24 2 4 2001-2004
18%
174 Pelé MF 15 0 0 2007-2008
18%
204 Victor Obinna FW 9 1 0 2008-2009
18%
113 Andrés Guglielminpietro MF 30 0 3 2001-2003
17%
213 Marco Benassi MF, FW 6 0 0 2012-2013
17%
251 Alen Stevanović MF, FW 1 0 0 2009-2010
15%
125 Carlos Gamarra DF 27 0 1 2002-2005
15%
171 Cristian Brocchi MF 15 1 0 2000-2001
15%
242 Denis Alibec FW 2 0 0 2010-2011
15%
217 Federico Bonazzoli MF, FW 5 0 0 2013-2015
15%
238 Mattia Zanotti DF 3 0 0 2021-2023
15%
232 Alfred Duncan MF 3 0 0 2012-2013
14%
223 Fabián Carini GK 4 0 0 2004-2005
14%
269 Lorenzo Pirola DF 1 0 0 2019-2020
14%
231 Simone Pasa DF, MF 4 0 0 2012-2013
14%
192 Alberto Fontana GK 10 0 0 2001-2005
13%
258 Ebenezer Akinsanmiro MF 1 0 0 2023-2024
13%
157 Nelson Vivas DF 19 0 0 2001-2003
13%
245 Gaston Camara MF, FW 2 0 0 2014-2015
11%
173 Michele Serena DF 15 0 0 2000-2002
11%
175 Sabri Lamouchi MF 15 0 1 2003-2004
11%
279 Vampeta MF 1 0 0 2000-2001
11%
241 Wallace Oliveira DF 3 0 0 2013-2014
11%
246 Isaac Donkor DF 2 0 0 2014-2015
10%
201 Jérémie Bréchet DF, MF 9 0 0 2003-2004
10%
266 Lampros Choutos MF, FW 1 0 0 2006-2007
10%
276 Samuele Longo FW 1 0 0 2011-2012
10%
256 Daniel Maa Boumsong MF 1 0 0 2005-2006
8%
163 Domenico Morfeo MF, FW 17 1 3 2002-2003
8%
209 Fabio Macellari DF 7 0 0 2000-2001
8%
189 Gonzalo Sorondo DF 11 0 1 2001-2002
8%
190 Marco Ferrante FW 11 1 0 2000-2001
8%
154 Vladimir Jugović MF 21 1 2 2000-2001
8%
161 Bruno Cirillo DF 17 0 0 2000-2001
7%
259 Fabio Della Giovanna DF 1 0 0 2015-2016
7%
244 Felice Natalino DF 2 0 0 2010-2011
7%
260 Francesco Bolzoni MF 1 0 0 2008-2009
7%
103 Giovanni Pasquale DF 36 0 0 2002-2005
7%
263 Ibrahim Maaroufi MF 1 0 0 2006-2007
7%
212 Marco Ballotta GK 6 0 0 2000-2001
7%
156 Matteo Ferrari DF 19 0 0 2000-2001
7%
249 Nwankwo Obiora DF, MF 2 0 1 2010-2011
7%
253 Antonio Pacheco MF, FW 1 0 0 2000-2001
6%
243 Dino Marino MF 2 0 0 2004-2005
6%
236 Luca Garritano DF, MF, FW 3 0 0 2012-2013
6%
272 Lukas Spendlhofer DF 1 0 0 2012-2013
6%
239 Nicola Beati MF 3 0 0 2000-2001, 2002-2003
6%
254 Carlo Trezzi MF 1 0 0 2000-2001
4%
255 Corrado Colombo FW 1 0 0 2000-2001
4%
257 Domenico Germinale FW 1 0 0 2005-2006
4%
261 Francesco Forte FW 1 0 0 2012-2013
4%
262 Goran Slavkovski FW 1 0 0 2005-2006
4%
264 Ilario Aloe MF 1 0 0 2005-2006
4%
270 Luca Franchini DF 1 0 0 2002-2003
4%
248 Nicola Napolitano MF 2 0 0 2002-2003
4%
274 Riccardo Meggiorini FW 1 0 0 2004-2005
4%
275 Salvatore Ferraro DF 1 0 0 2001-2002
4%
277 Tijani Belaïd MF 1 0 0 2004-2005
4%
No matching quizzes found
Score Distribution
Percent of People with Each Score
Percentile by Number Answered
Your Score History
You have not taken this quiz since the last reset